| 000 | 00853cam a2200241 a 4500 | ||
|---|---|---|---|
| 001 | 15830357 | ||
| 005 | 20121122133715.0 | ||
| 008 | 090723s2010 flua b 001 0 eng | ||
| 010 | _a 2009027804 | ||
| 020 | _a0849336767 (hardcover : alk. paper) | ||
| 020 | _a9780849336768 (hardcover : alk. paper) | ||
| 082 | 0 | 0 |
_a621.381045 _222 _bMIC |
| 245 | 0 | 0 |
_aMicrooptics and Nanooptics Fabrication / _cedited by Shanalyn A. Kemme. |
| 260 |
_aBoca Raton : _bCRC Press, _cc2010. |
||
| 300 |
_axii, 218 p. : _bill. ; _c25 cm. |
||
| 504 | _aIncludes bibliographical references and index. | ||
| 650 | 0 |
_aNanostructured materials _xDesign and construction. _931403 |
|
| 650 | 0 |
_aMicrofabrication. _931404 |
|
| 650 | 0 |
_aNanophotonics. _931405 |
|
| 650 | 0 |
_aNanostructures _xOptical properties. _911225 |
|
| 700 | 1 |
_aKemme, Shanalyn A. _931406 |
|
| 942 |
_2ddc _cBB |
||
| 999 |
_c17095 _d17067 |
||